Yankees 2025 Stat Leaders - Statistics

General Stats
  • This quiz has been taken 146 times
  • The average score is 26 of 30
Answer Stats
Hint Answer % Correct
Plate Appearances (541) Aaron Judge
100%
Hits (179) Aaron Judge
100%
Home Runs (53) Aaron Judge
100%
Total Bases (372) Aaron Judge
100%
Runs Batted In (114) Aaron Judge
100%
Walks (124) Aaron Judge
100%
Batting Average (0.331) Aaron Judge
100%
On-Base Percentage (0.457) Aaron Judge
100%
Slugging Percentage (0.688) Aaron Judge
100%
On-Base Plus Slugging (1.145) Aaron Judge
100%
Intentional Walks (36) Aaron Judge
100%
Pitching Wins (19) Max Fried
97%
Earned Run Average (2.86) Max Fried
97%
Pickoffs (7) Max Fried
97%
Walks Allowed (73) Carlos Rodon
94%
Strikeouts Pitching (203) Carlos Rodon
94%
WHIP (1.05) Carlos Rodon
94%
Batting Average Allowed (0.188) Carlos Rodon
94%
Innings Pitched (195.1) Max Fried, Carlos Rodon
94%
Home Runs Allowed (22) Will Warren, Carlos Rodon
94%
Saves (18) Devin Williams
81%
Sacrifice Flys (11) Austin Wells
77%
Holds (21) Luke Weaver
75%
Hit By Pitches (7) Ben Rice
73%
Ground Into Double Play (16) Ben Rice
73%
Stolen Bases (49) Jose Caballero
70%
Earned Runs (80) Will Warren
66%
Games Pitched (70) Tim Hill
57%
Strikeouts Batting (189) Ryan McMahon
54%
Strikeouts Per 9 (13.50) Fernando Cruz
47%
No matching quizzes found
Score Distribution
Percent of People with Each Score
Percentile by Number Answered
Your Score History
You have not taken this quiz